000 00638cam a2200229 4500500
005 20260405003458.0
041 _afre
042 _adc
100 1 0 _aDurand, Jean-Marie
_eauthor
245 0 0 _aÉcologie et Démocratie
260 _c2022.
500 _a5
690 _aAutonomie
690 _aDémocratie
690 _aDewey
690 _aDialogue
690 _aExpérience
690 _aJoëlle Zask
690 _aLiberté
786 0 _nPhilosophie magazine | 157 | 3 | 2022-03-01 | p. 51-52 | 1951-1787
856 4 1 _uhttps://shs.cairn.info/magazine-philosophie-magazine-2022-3-page-51?lang=fr&redirect-ssocas=7080
999 _c2067938
_d2067938